Normal view
MARC view
- Custom administration
Entry Topical Term
001 - CONTROL NUMBER
- control field: 8858
003 - CONTROL NUMBER IDENTIFIER
- control field: OSt
005 - DATE AND TIME OF LATEST TRANSACTION
- control field: 20170605121121.0
008 - FIXED-LENGTH DATA ELEMENTS
- fixed length control field: 170605|| aca||aabn | a|a d
040 ## - CATALOGING SOURCE
- Original cataloging agency: OSt
- Transcribing agency: OSt
150 ## - HEADING--TOPICAL TERM
- Topical term or geographic name entry element: Custom administration
- Geographic subdivision: Perlis
- Form subdivision: Periodicals
670 ## - SOURCE DATA FOUND
- Source citation: Work cat.: (OSt)0: Perlis Kastam Diraja Malaysia 8857, Laporan Tahunan Jabatan Kastam dan Eksais Diraja Perlis, 1997-

PORTAL AKMAL
E-MEL JKDM
AKMAL2U
G-BAM
u-PUSTAKA